LDR 00738naa#a2200181#i#450# 001 RU\\bibl\123793 005 20260602013618.2 011 ## _a2588-0209 100 ## _a20260601b2026####ek#y0rusy0150####ca 102 ## _aRU 200 1# _aИстория и современные проблемы регулирования земельных отношений в Республике Гвинея _eЖурнальная статья 210 1# _aМосква _cЭлектронная наука _d2026 215 ## _a24 с. 608 ## _aЖурнальная статья _2local 675 ## _aЗемельное право. 349.41 _z 700 #1 _aКурума _gУсман Каба 700 #1 _aМаксимов _gСергей Николаевич 856 4# _aiacj.ru _u